Textbook of Pharmaceutical Analysis I (Record no. 13263)
[ view plain ]
| 000 -LEADER | |
|---|---|
| fixed length control field | 00491nam a22001937a 4500 |
| 003 - CONTROL NUMBER IDENTIFIER | |
| control field | OSt |
| 008 - FIXED-LENGTH DATA ELEMENTS--GENERAL INFORMATION | |
| fixed length control field | 250409b |||||||| |||| 00| 0 eng d |
| 020 ## - INTERNATIONAL STANDARD BOOK NUMBER | |
| International Standard Book Number | 9789388108478 |
| 082 ## - DEWEY DECIMAL CLASSIFICATION NUMBER | |
| Classification number | 615.1901 |
| 100 ## - MAIN ENTRY--PERSONAL NAME | |
| Personal name | Bari, Sanjay Kumar |
| 245 ## - TITLE STATEMENT | |
| Title | Textbook of Pharmaceutical Analysis I |
| 260 ## - PUBLICATION, DISTRIBUTION, ETC. (IMPRINT) | |
| Place of publication, distribution, etc | N.Delhi |
| Name of publisher, distributor, etc | CBS Pub. |
| Date of publication, distribution, etc | 2025 |
| 300 ## - PHYSICAL DESCRIPTION | |
| Extent | 144 |
| 650 ## - SUBJECT ADDED ENTRY--TOPICAL TERM | |
| Topical term or geographic name as entry element | Pharmaceutical Analysis-I |
| 700 ## - ADDED ENTRY--PERSONAL NAME | |
| Personal name | Nomin, Yasmin |
| 700 ## - ADDED ENTRY--PERSONAL NAME | |
| Personal name | Jadge, Dhanraj |
| 700 ## - ADDED ENTRY--PERSONAL NAME | |
| Personal name | Yeligar, Veerendra |
| 942 ## - ADDED ENTRY ELEMENTS (KOHA) | |
| Source of classification or shelving scheme | Dewey Decimal Classification |
| Koha item type | Text Books |
| Withdrawn status | Lost status | Source of classification or shelving scheme | Damaged status | Not for loan | Collection code | Home library | Current library | Date acquired | Source of acquisition | Currency | Cost, normal purchase price | Bill Number | Total Checkouts | Full call number | Acc. no. / Barcode | Date last seen | Actual Cost, discounted price | Bill Date | Koha item type | Date last borrowed |
|---|---|---|---|---|---|---|---|---|---|---|---|---|---|---|---|---|---|---|---|---|
| Dewey Decimal Classification | B.Pharma | PIET C-LIBRARY | PIET C-LIBRARY | 04/04/2025 | Zafaa Books Distributres | Rs | 275.00 | ZBDO006 | 615.1901 | BP2687 | 09/04/2025 | 178.75 | 04/04/2025 | Reference Books | ||||||
| Dewey Decimal Classification | B.Pharma | PIET C-LIBRARY | PIET C-LIBRARY | 04/04/2025 | Zafaa Books Distributres | Rs | 275.00 | ZBDO006 | 2 | 615.1901 | BP2688 | 10/12/2025 | 178.75 | 04/04/2025 | Text Books | 21/11/2025 | ||||
| Dewey Decimal Classification | B.Pharma | PIET C-LIBRARY | PIET C-LIBRARY | 04/04/2025 | Zafaa Books Distributres | Rs | 275.00 | ZBDO006 | 2 | 615.1901 | BP2689 | 13/11/2025 | 178.75 | 04/04/2025 | Text Books | 30/10/2025 | ||||
| Dewey Decimal Classification | B.Pharma | PIET C-LIBRARY | PIET C-LIBRARY | 04/04/2025 | Zafaa Books Distributres | Rs | 275.00 | ZBDO006 | 1 | 615.1901 | BP2690 | 30/10/2025 | 178.75 | 04/04/2025 | Text Books | 17/10/2025 | ||||
| Dewey Decimal Classification | B.Pharma | PIET C-LIBRARY | PIET C-LIBRARY | 04/04/2025 | Zafaa Books Distributres | Rs | 275.00 | ZBDO006 | 1 | 615.1901 | BP2691 | 29/10/2025 | 178.75 | 04/04/2025 | Text Books | 17/10/2025 |